Statistiques concernant Qui suis-je ? #05

Cliquez ici pour prendre le quiz!

Statistiques générales

  • Ce quiz a été pris 196 fois
  • Le résultat moyen est 3 sur 5

Statistiques - réponses

IndicesPersonnages% Correct
Je suis née le 31 juillet 1965 dans l’agglomération de Yate.
Je suis romancière, un de mes noms de plume est Robert Galbraith.
J’ai écrit ma première histoire à six ans.
Je suis mondialement connue grâce à la saga Harry Potter.
J’ai travaillé un temps au sein d'Amnesty International, puis enseigné l'anglais et le français.
Je suis...
Joanne Kathleen Rowling
90%
Je suis né à Porbandar le 2 octobre 1869 et mort assassiné à Delhi le 30 janvier 1948.
Je suis un dirigeant politique, important guide spirituel de l'Inde et du mouvement pour l'indépendance de ce pays.
J’ai été un pionnier et un théoricien du satyāgraha, de la résistance à l'oppression par la désobéissance civile de masse.
Je suis un avocat ayant fait ses études en Grande-Bretagne.
J’ai conduit la marche du sel, célèbre opposition à la taxe sur le sel.
J’ai également lancé l'appel au mouvement Quit India le 8 août 1942.
J’ai de nombreuses fois été emprisonné pour mes activités.
Je suis...
Mohandas Karamchand Gandhi
89%
Je suisun mathématicien, physicien et philosophe français, né le 31 mars 1596 à La Haye-en-Touraine et mort le 11 février 1650 à Stockholm.
Je suis considéré comme l’un des fondateurs de la philosophie moderne.
Je suis célèbre pour avoir exprimé dans le Discours de la méthode le « Cogito ergo sum ».
En physique, j’ai apporté une contribution à l’optique et suis considéré comme l'un des fondateurs du mécanisme.
En mathématiques, je suis à l’origine de la géométrie analytique.
Sa méthode scientifique, exposée à partir de 1628 dans les Règles pour la direction de l'esprit, puis dans le Discours de la méthode en 1637, affirme constamment une rupture par rapport à la scolastique enseignée dans l'Université.
Mon nom a donné l’adjectif cartésien.
Je suis...
René Descartes
80%
Je suis né à Eisenach le 21 mars 1685 et mort à Leipzig le 28 juillet 1750.
Je suis un musicien, notamment organiste, et compositeur allemand.
Je suis un virtuose de plusieurs instruments, le violon et l'alto, mais surtout le clavecin et l'orgue.
Mes œuvres principales sont: Toccata et Fugue en ré mineur, Le Clavier bien tempéré et Messe en si mineur.
Je suis également connu pour les chorals que j’ai composé.
Je suis...
Jean-Sébastien Bach
57%
Je suis un membre de l’espèce éliatrope.
Je renaît en 969 sur l’île d’Oma.
Mon père adoptif est Alibert.
J’ai un frère jumeau nommé Adamaï.
Mes meilleurs amis sont: Tristepin, Amalia, Évangeline et Ruel. Lorsqu’Adamaï nous rejoint, nous formons la Confrérie du Tofu.
Les trois antagonistes principaux que j’affronte sont: Noximilien l’horloger, Qilby l’éliatrope et Oropo, un éliotrope que j’ai créé en utilisant mal l’éliacube.
Je suis...
Yugo
26%

Distribution des résultats

Percentile par nombre de réponses

% des personnes avec chaque résultat

Votre développement - résultats

Vous n’avez pas pris ce quiz